000 00250nam a2200097Ia 4500
001 1250623
005 20251031150859.0
008 251031s9999 xx 000 0 und d
245 0 _cM. FATİH ÇITLAK
_aD-2 FÜKÜR FEDAİSİ
260 _bERDEM YAYINLARI
999 _c1250623
_d1250623